000 00839nam a22001937a 4500
003 OSt
005 20251007160623.0
008 240405b ||||| |||| 00| 0 eng d
040 _c0
082 _aDPer 621.381 Ie21 October 2022 v. 37 n. 10
100 _aYan, Xiaoming.
_eauthor.
_956290
245 _aAn MRAS observer-based speed sensorless control method for dual-cage rotor brushless doubly fed induction generator /
_cXiaoming Yan and Ming Cheng.
260 _aNew York ;
_bThe Institute of Electrical and Electronics Engineers, Inc. ,
_cOctober 2022.
300 _aVolume 37, pages 12705-12714 :
_billustration ;
_c28 cm.
500 _aIEEE Transactions on Power Electronics, v. 37, n. 10, pages 12705-12714, October 2022.
700 _aYan, Xiaoming.
_eauthor.
_956290
700 _aCheng, Ming.
_eauthor.
_956291
942 _2ddc
_cPER
999 _c20073
_d20073